| 000 | 00645cam a2200145 4500500 | ||
|---|---|---|---|
| 005 | 20260329013920.0 | ||
| 041 | _afre | ||
| 042 | _adc | ||
| 100 | 1 | 0 |
_aBlanquie, Christophe _eauthor |
| 245 | 0 | 0 | _aOlivier Poncet, Isabelle Storez-Brancourt (ÉD.), Une histoire de la mémoire judiciaire, Paris, École nationale des Chartes, Paris, 2009, 418 p., ISBN 978-2-35723-004-0 |
| 260 | _c2010. | ||
| 500 | _a6 | ||
| 786 | 0 | _nRevue d’histoire moderne & contemporaine | 57-3 | 3 | 2010-09-24 | p. 204-204 | 0048-8003 | |
| 856 | 4 | 1 | _uhttps://shs.cairn.info/revue-d-histoire-moderne-et-contemporaine-2010-3-page-204?lang=fr&redirect-ssocas=7080 |
| 999 |
_c1884514 _d1884514 |
||